The strategy of indirect approach (Record no. 552377)

000 -LEADER
fixed length control field 00894nam a22001697i 4500
082 ## - DEWEY DECIMAL CLASSIFICATION NUMBER
Classification number 355.4
Author Mark HAR
-- D.
100 2# - MAIN ENTRY--PERSONAL NAME
Personal name Liddell Hart, Basil Henry,
245 14 - TITLE STATEMENT
Title The strategy of indirect approach
Statement of responsibility, etc. by B.H. Liddell Hart ; with a foreword by E.E. Dorman-Smith.
260 ## - PUBLICATION, DISTRIBUTION, ETC.
Place of publication, distribution, etc. London :
Name of publisher, distributor, etc. Faber and Faber,
Date of publication, distribution, etc. [1946]
300 ## - PHYSICAL DESCRIPTION
Extent xiv, 317 p., [1] folded leaf of plates :
Other physical details maps ;
Dimensions 19 cm.
500 ## - GENERAL NOTE
General note "Part of this book was published in Mcmxxix under the title of 'The Decisive Wars of History'. The present book was first published in June Mcmxli under the title of 'The Strategy of Indirect Approach' ... Reprinted under the title of 'The Way to Win Wars' in October Mcmxlii New and enlarged edition Mcmxlvi."
500 ## - GENERAL NOTE
General note Call number of original: D25.L45 1946.
500 ## - GENERAL NOTE
General note Master microform held by: DLC.
526 ## - STUDY PROGRAM INFORMATION NOTE
Program name 0
Interest level 0
Reading level 0
Title point value 355_400000000000000_HAR
650 ## - SUBJECT ADDED ENTRY--TOPICAL TERM
Topical term or geographic name entry element MCE
9 (RLIN) 379
942 ## - ADDED ENTRY ELEMENTS (KOHA)
Source of classification or shelving scheme
Koha item type Book
Holdings
Withdrawn status Lost status Source of classification or shelving scheme Damaged status Not for loan Permanent Location Current Location Shelving location Date acquired Total Checkouts Full call number Barcode Date last seen Price effective from Koha item type
          Military College of Engineering (MCE) Military College of Engineering (MCE)   01/14/2015   355.4 HAR MCE-ECS/115 01/14/2015 01/14/2015 Book
© 2023 Central Library, National University of Sciences and Technology. All Rights Reserved.